<?xml version="1.0" encoding="UTF-8"?>
<record
    xmlns:xsi="http://www.w3.org/2001/XMLSchema-instance"
    xsi:schemaLocation="http://www.loc.gov/MARC21/slim http://www.loc.gov/standards/marcxml/schema/MARC21slim.xsd"
    xmlns="http://www.loc.gov/MARC21/slim">

  <leader>01088nam a2200253 a 4500</leader>
  <controlfield tag="001">BRCA_393</controlfield>
  <controlfield tag="005">20190320203005.0</controlfield>
  <controlfield tag="008">880729s1993    mx-#---###---f000-0#spa-#</controlfield>
  <datafield tag="020" ind1=" " ind2=" ">
    <subfield code="a">9686664705</subfield>
  </datafield>
  <datafield tag="040" ind1=" " ind2=" ">
    <subfield code="a">DLC</subfield>
    <subfield code="c">DLC</subfield>
    <subfield code="d">DLC</subfield>
  </datafield>
  <datafield tag="050" ind1=" " ind2="4">
    <subfield code="a">ND2644</subfield>
    <subfield code="b">.S64 1993</subfield>
  </datafield>
  <datafield tag="245" ind1="1" ind2="0">
    <subfield code="a">Sobre la enc&#xE1;ustica y el fresco</subfield>
    <subfield code="b">Diego Rivera y Juan O&#xB4;Gorman.</subfield>
  </datafield>
  <datafield tag="250" ind1=" " ind2=" ">
    <subfield code="a">2</subfield>
  </datafield>
  <datafield tag="260" ind1=" " ind2=" ">
    <subfield code="a">M&#xE9;xico</subfield>
    <subfield code="b">El Colegio Nacional</subfield>
    <subfield code="c">1993</subfield>
  </datafield>
  <datafield tag="300" ind1=" " ind2=" ">
    <subfield code="a">48 p.</subfield>
    <subfield code="c">21 cm.</subfield>
  </datafield>
  <datafield tag="505" ind1="0" ind2=" ">
    <subfield code="a">Contenido : Disertaci&#xF3;n sobre la t&#xE9;cnica de la enc&#xE1;ustica y del fresco / relatado por Diego Rivera a Juan O&#xB4;Gorman. -- T&#xE9;cnica empleada por Diego Rivera para pintar al fresco / por Juan O&#xB4;Gorman</subfield>
  </datafield>
  <datafield tag="600" ind1="1" ind2="4">
    <subfield code="a">Rivera, Diego</subfield>
    <subfield code="d">1886-1957</subfield>
    <subfield code="9">1330</subfield>
  </datafield>
  <datafield tag="600" ind1="1" ind2="4">
    <subfield code="a">O&#xB4;Gorman, Juan</subfield>
    <subfield code="d">1905</subfield>
    <subfield code="9">1331</subfield>
  </datafield>
  <datafield tag="650" ind1="1" ind2="4">
    <subfield code="a">Pintura mural mexicana</subfield>
    <subfield code="y">Siglo XX</subfield>
    <subfield code="9">482</subfield>
  </datafield>
  <datafield tag="650" ind1="1" ind2="4">
    <subfield code="a">Pintura enca&#xFA;stica</subfield>
    <subfield code="x">T&#xE9;cnicas</subfield>
    <subfield code="9">1332</subfield>
  </datafield>
  <datafield tag="700" ind1="1" ind2=" ">
    <subfield code="a">Rivera, Diego</subfield>
    <subfield code="d">1886-1957</subfield>
    <subfield code="t">Disertaci&#xF3;n sobre la t&#xE9;cnica de la enc&#xE1;ustica y del fresco</subfield>
    <subfield code="f">1993</subfield>
    <subfield code="9">1333</subfield>
  </datafield>
  <datafield tag="700" ind1="1" ind2=" ">
    <subfield code="a">O&#xB4;Gorman, Juan</subfield>
    <subfield code="d">1905-</subfield>
    <subfield code="t">T&#xE9;cnica empleada por Diego Rivera para pintar al fresco</subfield>
    <subfield code="f">1993</subfield>
    <subfield code="9">1334</subfield>
  </datafield>
  <datafield tag="942" ind1=" " ind2=" ">
    <subfield code="2">lcc</subfield>
    <subfield code="c">B</subfield>
  </datafield>
  <datafield tag="999" ind1=" " ind2=" ">
    <subfield code="c">328</subfield>
    <subfield code="d">328</subfield>
  </datafield>
  <datafield tag="952" ind1=" " ind2=" ">
    <subfield code="0">0</subfield>
    <subfield code="1">0</subfield>
    <subfield code="4">0</subfield>
    <subfield code="7">0</subfield>
    <subfield code="a">BRCA</subfield>
    <subfield code="b">BRCA</subfield>
    <subfield code="d">2008-06-25</subfield>
    <subfield code="l">0</subfield>
    <subfield code="o">ND2644 .S64 1993</subfield>
    <subfield code="p">00693</subfield>
    <subfield code="r">2019-03-22 00:00:00</subfield>
    <subfield code="w">2019-03-22</subfield>
    <subfield code="y">B</subfield>
  </datafield>
</record>
